[Event "Renova Group Grand Prix Zug 2013"]
[Site "Zug SUI"]
[Date "2013.04.30"]
[Round "11.3"]
[White "Topalov, Veselin"]
[Black "Karjakin, Sergey"]
[Result "1-0"]
[PlyCount "81"]
[EventDate "2013.04.18"]
[EventType "tourn"]
[EventRounds "11"]
[EventCountry "SUI"]
[EventCategory "21"]
[Source "lmi"]
[SourceDate "2013.04.18"]
[WhiteElo "2771"]
[BlackElo "2786"]

1. d4 Nf6 2. c4 e6 3. g3 c5 4. d5 exd5 5. cxd5 d6 6. Nc3 g6 7. Bg2 Bg7 8. Nf3
O-O 9. O-O Re8 10. Nd2 Nbd7 11. a4 a6 12. a5 b5 13. axb6 Nxb6 14. Nb3 Bf5 15.
Na5 Ne4 16. Bd2 Nxd2 17. Qxd2 h5 18. e3 h4 19. Rfe1 Qg5 20. Na4 Reb8 21. Nc3
Qh5 22. f3 Qh8 23. g4 Bd7 24. h3 f5 25. g5 f4 26. exf4 Bd4+ 27. Kh1 Qg7 28. Bf1
Re8 29. Ne4 Kh8 30. Nxd6 Rxe1 31. Rxe1 Rf8 32. Re4 Nxd5 33. Nb3 Bc6 34. f5 gxf5
35. Rxh4+ Kg8 36. Nxd4 cxd4 37. Bc4 Qe5 38. Qxd4 Qxd6 39. Rh6 Qe7 40. Bxd5+
Bxd5 41. Rh8+ 1-0